Normal view
MARC view
- Schaub, Thomas H.,
Entry Personal Name
001 - CONTROL NUMBER
- control field: 153661
003 - CONTROL NUMBER IDENTIFIER
- control field: DLC
005 - DATE AND TIME OF LATEST TRANSACTION
- control field: 20260414152848.0
008 - FIXED-LENGTH DATA ELEMENTS
- fixed length control field: 800321n| acannaab| |n aaa |||
010 ## - LIBRARY OF CONGRESS CONTROL NUMBER
- LC control number: n 80022645
040 ## - CATALOGING SOURCE
- Original cataloging agency: DLC
- Transcribing agency: DLC
100 10 - HEADING--PERSONAL NAME
- Personal name: Schaub, Thomas H.,
- Dates associated with a name: 1947-
670 ## - SOURCE DATA FOUND
- Source citation: His Listening to Pynchon, c1980:
- Information found: t.p. (Thomas H. Schaub) pub. data sheet (Thomas Hill Schaub, b. 1/17/47; Ph.D., U. of Iowa, 1976)



